Baseplate Column Connections

Bibliographic Details
Main Author: Balogh, Jenő (Author)
Format: Article
Language:English
PhysicalDescription:Sch. 7, res. slov. na s. 421, lit. 3 zázn. v angl.
ISBN:8022706914
Subjects:

MARC

LEADER 00000nab a2200000 a 4500
001 vtls000545256
003 SK-MaSNL
005 20260319074449.0
008 160202c1994 xo 0 eng
015 |a SNBRA19rr/mm-uuuuu 
035 |a CL0545394 
040 |a SNKBUCL  |b slo  |c SNKBUCL  |e AACR2 
041 0 |a eng 
044 |a xo  |c SK 
080 |a 624.075.23:624.074:624.04:519.6  |2 1981 
080 |a 624.074  |2 1981 
080 |a 624.04  |2 1981 
080 |a 519.6  |2 1981 
100 1 |a Balogh, Jenő  |4 aut  |9 991959 
245 1 0 |a Baseplate Column Connections  |c Jenő Balogh 
300 |b Sch. 7, res. slov. na s. 421, lit. 3 zázn. v angl. 
650 0 7 |a stĺpy  |2 snkbucl  |9 27614 
655 7 |a články zo zborníkov  |2 snkbucl  |9 166140 
773 0 |t Steel structures and bridges - 94. Vol. 1  |d Bratislava : Slovenská technická univerzita, 1994  |g S. 21-26  |z 8022706914 
850 |a Slovenská národná knižnica v Martine  |a MTA001 
852 |a SNK  |b KIS3GCP 
958 |a RK 
958 |a HU 
992 |a RZB 
999 |c 1596607  |d 1598537